| 000 | 00781nam a2200241 4500 | ||
|---|---|---|---|
| 001 | 11964 | ||
| 003 | HDC | ||
| 007 | cr bn ---aaaaa | ||
| 008 | 210208c dr|noo 0 a eng d | ||
| 040 | _aHDC | ||
| 245 | 0 | _aTanjung Manis Halal Hub attracts RM9 billion in investments | |
| 260 |
_a[No place] : _bSarawak Tribune, _c[no year] |
||
| 336 |
_atext _2rdacontent |
||
| 337 |
_acomputer _2rdamedia |
||
| 338 |
_aonline resource _2rdacarrier |
||
| 650 |
_aHalal Hub _92262 |
||
| 650 |
_aInvestments _91553 |
||
| 710 | _aSarawak Tribune | ||
| 856 | _zRequest full-text at [email protected] | ||
| 942 | _2lcc | ||
| 942 | _cNEWS | ||
| 942 | _kNWSO 002404 | ||
| 999 |
_c9287 _d9287 |
||